000 00653nam a2200241Ia 4500
003 OSt
005 20220918221348.0
006 a|||||r|||| 00| 0
007 ta
008 220917b |||||||| |||| 00| 0 eng d
024 _a149,532
037 _cTextual
040 _aARTS
_cARTS
_beng
041 _2eng
_aeng
082 _aT15y73.N5, K4
100 _aDouglas J W B
_9140243
245 0 _aHome and the school
_b a study of ability and attainment in the primary school
260 _c1964
490 _aStudies in society
650 _aEDUCATION
942 _hT15y73.N5, K4
_cTEXL
_2CC
999 _c272198
_d272198